Antica cartografia d´Italia (Record no. 6519)

MARC details
000 -CABECERA
campo de control de longitud fija 01054nam a2200241 a 4500
001 - NÚMERO DE CONTROL
campo de control BRCA_6836
005 - FECHA Y HORA DE LA ÚLTIMA TRANSACCIÓN
campo de control 20190320205619.0
008 - DATOS DE LONGITUD FIJA--INFORMACIÓN GENERAL
campo de control de longitud fija 081111s2011----mx-ab#####---#000-0#spa-#
041 ## - CÓDIGO DE LENGUA
Código de lengua del texto/banda sonora o título independiente spa
044 ## - CÓDIGO DEL PAÍS DE LA ENTIDAD EDITORA/PRODUCTORA
Código MARC del país mx
050 #4 - SIGNATURA TOPOGRÁFICA DE LA BIBLIOTECA DEL CONGRESO
Número de clasificación GA871
Número de documento/Ítem .A58 2011
245 10 - MENCIÓN DE TÍTULO
Título Antica cartografia d´Italia
Mención de responsabilidad, etc. colección cartográfica Gianni Brandozzi, Ascoli Piceno ; textos Gianni Vinciguerra ... [et al.] ; traducción Kabir Messineo, Alessia Di Giacomo, Mónica Vázquez.
260 ## - PUBLICACIÓN, DISTRIBUCIÓN, ETC.
Lugar de publicación, distribución, etc. México
Nombre del editor, distribuidor, etc. Secretaría de Hacienda y Crédito Público
Fecha de publicación, distribución, etc. 2011
300 ## - DESCRIPCIÓN FÍSICA
Extensión 112 p.
Otras características físicas il. (algunas a color), mapas
Dimensiones 17 cm.
500 ## - NOTA GENERAL
Nota general Catálogo de la exposición en conmemoración del 150º anniversario Unitá d´Italia, 1861-2011, realizada en la Biblioteca Miguel Lerdo de Tejada (Ciudad de México)
546 ## - NOTA DE LENGUA/LENGUAJE
Nota de lengua/lenguaje Texto en: italiano y español
650 14 - PUNTO DE ACCESO ADICIONAL DE MATERIA--TÉRMINO DE MATERIA
Término de materia o nombre geográfico como elemento de entrada Cartografía
Subdivisión de forma Exposiciones
Subdivisión geográfica Italia
9 (RLIN) 17047
700 1# - PUNTO DE ACCESO ADICIONAL--NOMBRE DE PERSONA
Nombre de persona Brandozzi, Gianni
9 (RLIN) 17048
700 1# - PUNTO DE ACCESO ADICIONAL--NOMBRE DE PERSONA
Nombre de persona Piceno, Ascoli
9 (RLIN) 17049
700 1# - PUNTO DE ACCESO ADICIONAL--NOMBRE DE PERSONA
Nombre de persona Vinciguerra, Gianni
9 (RLIN) 17050
700 1# - PUNTO DE ACCESO ADICIONAL--NOMBRE DE PERSONA
Nombre de persona Messineo, Kabir
Término indicativo de función/relación tr.
9 (RLIN) 17051
942 ## - ELEMENTOS DE PUNTO DE ACCESO ADICIONAL (KOHA)
Fuente del sistema de clasificación o colocación Library of Congress Classification
Tipo de ítem Koha Libros
Holdings
Estado de retiro Estado de pérdida Estado dañado No para préstamo Localización permanente Ubicación/localización actual Fecha de adquisición Total de préstamos Signatura topográfica completa Código de barras Fecha visto por última vez Precio válido a partir de Tipo de ítem Koha
El ejemplar forma parte de la colección y puede ser consultado según las políticas vigentes.       Biblioteca del Museo Franz Mayer (Rogerio Casas-Alatriste) Biblioteca del Museo Franz Mayer (Rogerio Casas-Alatriste) 08/11/2011   GA871 .A58 2011 02491 22/03/2019 22/03/2019 Libros